Normal view
MARC view
- POPKIN,DAVID
Entry Personal Name
001 - CONTROL NUMBER
- control field: 132519
003 - CONTROL NUMBER IDENTIFIER
- control field: NUST
005 - DATE AND TIME OF LATEST TRANSACTION
- control field: 20251222105142.0
008 - FIXED-LENGTH DATA ELEMENTS
- fixed length control field: 251222|| aca||aabn | a|a d
040 ## - CATALOGING SOURCE
- Original cataloging agency: NUST
- Transcribing agency: NUST
100 ## - HEADING--PERSONAL NAME
- Personal name: POPKIN,DAVID
670 ## - SOURCE DATA FOUND
- Source citation: Work cat.: (NUST): POPKIN,DAVID., VOCABULARY ENERGIZERS STORIES OF WORD ORIGINS /, 1990.
